| 000 | 00797pam a2200277 a 4500 | ||
|---|---|---|---|
| 999 |
_c522521 _d522521 |
||
| 001 | 531928 | ||
| 003 | NUST | ||
| 005 | 20181030112844.0 | ||
| 008 | 870303s1988 nyua b 001 0 eng | ||
| 010 | _a 87006168 | ||
| 020 | _a0442288476 | ||
| 038 | _aArshad | ||
| 040 |
_aDLC _cDLC _dDLC |
||
| 050 | 0 | 0 |
_aHD30.29 _b.V36 1988 |
| 082 | 0 | 0 |
_a658.403 _bVAN |
| 100 | 1 |
_aVanGundy, Arthur B. _912435 |
|
| 245 | 1 | 0 |
_aTechniques of structured problem solving / _cArthur B. VanGundy. |
| 250 | _a2nd ed. | ||
| 260 |
_aNew York : _bVan Nostrand Reinhold Co., _c1988. |
||
| 300 |
_axiv, 386 p. : _bill. ; _c24 cm. |
||
| 500 | _aIncludes index. | ||
| 504 | _aBibliography: p. 371-378. | ||
| 650 | 0 |
_aProblem solving. _94470 |
|
| 906 |
_a7 _bcbc _corignew _d1 _eocip _f19 _gy-gencatlg |
||
| 942 |
_2ddc _cBK |
||